01057cam a2200289 a 450000100100000000500170001000800410002702000150006803500190008304000350010205000150013708200160015210000370016824500780020526000310028330000280031449000520034250000360039450400400043065000310047083000360050183000500053791000340058704900090062195201200063099900170075000001178720200929162550.0780606s1974 sp a b 001 0 spa  a8470080563 a(DLC) 75585656 aDO-SdBNPcICUdICUdDLCdBNPHU00aP158b.L58 axxxxbL864i1 aLópez Morales, Humberto.9573410aIntroduccion a la lingüística generativa /cHumberto López Morales. aMadrid :bAlcalá,c1974. a225 p. :bil. ;c24 cm.1 aColeccion Romania ;v16.aSerie Lingüística aIncluye glosario de términos. aIncluye bibliografía: p. 217-224. 0aGenerative grammar.927888 0aColeccion Romania ;v16.927889 0aColeccion Romania.pSerie Lingiistica.927890 aCatalogación por copia / LC aBNGR 001052708MOaGRbGRcCTd2009-10-27iLF1l0oxxxx L864ip11787-10r2020-06-25w2020-06-25y2ZPréstamo interno c11461d11461